| 000 | 00398nam a22001697a 4500 | ||
|---|---|---|---|
| 003 | OSt | ||
| 005 | 20250301095343.0 | ||
| 007 | 843 pages | ||
| 008 | 250301b |||||||| |||| 00| 0 eng d | ||
| 020 | _a9788177584813 | ||
| 040 | _c | ||
| 082 |
_24 _a004.165 _bSIN |
||
| 245 |
_aThe 8088 and 8086 Microprocessors _cTriebel,Walter A |
||
| 250 | _a4 | ||
| 260 |
_bPearson _c2020 |
||
| 942 |
_2ddc _cBK _n0 |
||
| 999 |
_c36188 _d36188 |
||